| 000 | 00810nam a2200253 i 4500 | ||
|---|---|---|---|
| 001 | 34521 | ||
| 003 | ES-MaACL | ||
| 005 | 20251224063015.0 | ||
| 007 | t| | ||
| 008 | 030207s1968 sp ||||1| spa d | ||
| 100 | 1 |
_aBonhoeffer, Dietrich, _d1906-1945 _930163 |
|
| 245 | 1 | 3 |
_aEl precio de la gracia / _cDietrich Bonhoeffer ; [tradujo José L. Sicre]. |
| 260 |
_aSalamanca : _bSígueme, _c1968. |
||
| 300 |
_a360 p. ; _c19 cm. |
||
| 490 | 1 |
_aDiálogo ; _v5 |
|
| 490 | 1 |
_aColección "Diálogo" ; _vB-5 |
|
| 630 | 0 | 4 |
_aBienaventuranzas. _9165817 |
| 630 | 0 | 4 |
_aSermón de la montaña. _9165818 |
| 700 | 1 |
_aSicre, José Luis. _9106198 |
|
| 830 | 0 |
_aDiálogo ; _v5 _9180869 |
|
| 830 | 0 |
_aColección "Diálogo" ; _vB-5 _9184185 |
|
| 852 |
_aES-MaACL _jC-50286 _bR.67738 |
||
| 999 |
_c34521 _d34521 |
||